000
00260nam a2200097Ia 4500
001
796694
005
20250826170753.0
008
250824s9999 xx 000 0 und d
245
0
_a
KARAGÖZ İLE HACIVAT
_c
ZEYNEP GÜLSÜM SAĞLAM
260
_b
SEDİR YAYINLARI A.Ş.
999
_c
796694
_d
796694